00483nam a2200181 a 450000100060000000300090000600800410001502000150005604000280007108200170009910000240011624500120014026000320015230000100018450500510019465000340024565000220027922754CO-ViMGA141112s2004 ck r 000 u spa d a9583013641 aCO-ViMGAbspacCO-ViMGA04a646.75 H175m1 aHarnes, Rosie Linda10aMasajes aColombia : bPanAméricana a128p. aMasaje sentado, Masaje corporal, Masaje facial14aMASAJE - EFECTOS FISIOLOGICOS14aMASAJE - TECNICA